Tránsito a la Carne

Guardat en:
Dades bibliogràfiques
Autor principal: Sánchez, Roberto
Format: Llibre
Idioma:Undetermined
Publicat: Santo Domingo, República Dominicana Alfa y Omega 1994
Matèries:
Etiquetes: Afegir etiqueta
Sense etiquetes, Sigues el primer a etiquetar aquest registre!

MARC

LEADER 00000nam a2200000Ia 4500
008 170316s9999 xx 000 0 und d
040 |a cru BVZT 
090 |a 860 S-11t 
100 |a Sánchez, Roberto 
245 |a Tránsito a la Carne 
260 |a Santo Domingo, República Dominicana 
260 |b Alfa y Omega 
260 |c 1994 
300 |a 114 páginas 
650 |a LITERATURA LATINOAMERICANA 
999 |c 9193  |d 9193 
942 |c 15 D  |h 860 S-11t  |2 z